00313cam a22001097a 4500008004000000082001300040100002000053245006900073260002700142300001000169650002400179180718b1948 xxu||||| |||| 00| 0 eng d aP61 K162 aKaufmann, Fritz aYour job: a guide to opportunity and securitycby Fritz Kaufmann aNew YorkbHarperc1948 a238p. aVocational guidance